[Event "Prague op 21st"]
[Site "Prague"]
[Date "2023.01.07"]
[Round "2"]
[White "Schmidt Schaeffer, Sebastian"]
[Black "Cieslak, Patryk"]
[Result "1-0"]
[WhiteElo "2340"]
[BlackElo "2094"]
[PlyCount "91"]
[EventDate "2023.01.06"]
[EventType "swiss"]
[EventRounds "9"]
[EventCountry "CZE"]
[SourceTitle "CBM 212 Extra"]
[Source "ChessBase"]
[SourceDate "2023.03.31"]
[SourceVersion "1"]
[SourceVersionDate "2023.03.31"]
[SourceQuality "1"]

1. d4 Nf6 2. Nf3 e6 3. Bf4 d5 4. e3 Bd6 5. c3 0-0 6. Bd3 c5 7. Bxd6 Qxd6 8. Ne5 Nfd7 9. f4 g6 10. 0-0 Kg7 11. Nd2 f6 12. Nef3 e5 13. fxe5 fxe5 14. e4 exd4 15. cxd4 cxd4 16. exd5 Nf6 17. Rc1 Nxd5 18. Nc4 Qe7 19. Re1 Qf6 20. Be4 Rd8 21. Nce5 Na6 22. Qxd4 Be6 23. a3 Nac7 24. Qf2 Nb5 25. Rc5 a6 26. a4 Na7 27. Bxd5 Rxd5 28. Rxd5 Bxd5 29. Nd7 Qf4 30. Re7+ Kh6 31. Nb6 Rd8 32. Nxd5 Rxd5 33. Qxa7 Rd3 34. Re1 g5 35. Qb6+ Kh5 36. Qxb7 Qf5 37. h3 Kh6 38. Qxa6+ Kg7 39. Qb7+ Kh6 40. Qb6+ Kg7 41. Qc7+ Kh6 42. Qg3 Qc5+ 43. Kh1 Rd6 44. Nxg5 Rf6 45. Ne4 Qd4 46. Qg5# 1-0

[Event "Prague op 21st"]
[Site "Prague"]
[Date "2023.01.06"]
[Round "1"]
[White "Rogers, Timothy"]
[Black "Schmidt Schaeffer, Sebastian"]
[Result "0-1"]
[WhiteElo "1942"]
[BlackElo "2340"]
[PlyCount "50"]
[EventDate "2023.01.06"]
[EventType "swiss"]
[EventRounds "9"]
[EventCountry "CZE"]
[SourceTitle "CBM 212 Extra"]
[Source "ChessBase"]
[SourceDate "2023.03.31"]
[SourceVersion "1"]
[SourceVersionDate "2023.03.31"]
[SourceQuality "1"]

1. e4 d6 2. d4 Nf6 3. Nc3 e5 4. dxe5 dxe5 5. Qxd8+ Kxd8 6. Bg5 Be6 7. 0-0-0+ Nbd7 8. f4 exf4 9. Nf3 Bc5 10. e5 h6 11. Bh4 g5 12. Nxg5 hxg5 13. Bxg5 Rg8 14. Bxf6+ Kc8 15. Nd5 Bxd5 16. Rxd5 c6 17. Rxc5 Nxc5 18. Bc4 Rxg2 19. Bxf7 f3 20. e6 f2 21. Bd4 Ne4 22. Rf1 Kd8 23. h4 Ke7 24. h5 Rd8 25. Be3 Rg3 0-1

[Event "Oberliga Ost-A 1718"]
[Site "Germany"]
[Date "2018.04.14"]
[Round "10.1"]
[White "Schmidt Schaeffer, Sebastian"]
[Black "Natsidis, Christoph"]
[Result "1-0"]
[WhiteElo "2373"]
[BlackElo "2335"]
[PlyCount "67"]
[EventDate "2017.10.22"]
[EventType "team-tourn"]
[EventRounds "11"]
[EventCountry "GER"]
[SourceTitle "EXT 2019"]
[Source "ChessBase"]
[SourceDate "2018.10.10"]
[SourceVersion "1"]
[SourceVersionDate "2018.10.10"]
[SourceQuality "1"]
[WhiteTeam "Naumburg"]
[BlackTeam "Leipzig SG"]
[WhiteTeamCountry "GER"]
[BlackTeamCountry "GER"]

1. d4 Nf6 2. Nd2 d5 3. e3 g6 4. Bd3 Bg7 5. f4 c5 6. c3 0-0 7. Ngf3 b6 8. Qe2 Bb7 9. 0-0 Nbd7 10. a4 Qc7 11. Ne5 Ne8 12. a5 Rd8 13. h4 Nxe5 14. fxe5 f6 15. axb6 axb6 16. h5 fxe5 17. hxg6 Rxf1+ 18. Nxf1 e4 19. gxh7+ Kh8 20. Ba6 Ba8 21. Bd2 e5 22. dxc5 bxc5 23. c4 d4 24. Ba5 Qd6 25. Bxd8 Qxd8 26. Qg4 Nd6 27. Bc8 Bc6 28. Ra7 Qf8 29. Be6 Bb7 30. b3 Qb8 31. Ra2 Qe8 32. Bd7 Qb8 33. Qe6 Kxh7 34. g4 1-0

[Event "Oberliga Ost-A 1718"]
[Site "Germany"]
[Date "2018.03.18"]
[Round "9.1"]
[White "Schmidt Schaeffer, Sebastian"]
[Black "Pulpan, Jakub"]
[Result "0-1"]
[WhiteElo "2373"]
[BlackElo "2390"]
[PlyCount "74"]
[EventDate "2017.10.22"]
[EventType "team-tourn"]
[EventRounds "11"]
[EventCountry "GER"]
[SourceTitle "EXT 2019"]
[Source "ChessBase"]
[SourceDate "2018.10.10"]
[SourceVersion "1"]
[SourceVersionDate "2018.10.10"]
[SourceQuality "1"]
[WhiteTeam "Naumburg"]
[BlackTeam "Aue Nickelhuette II"]
[WhiteTeamCountry "GER"]
[BlackTeamCountry "GER"]

1. d4 Nf6 2. g3 d5 3. Bg2 c5 4. Nf3 cxd4 5. 0-0 g6 6. Nxd4 Bg7 7. c4 dxc4 8. Na3 c3 9. bxc3 0-0 10. Qb3 Nbd7 11. Rd1 a6 12. Nc4 Qc7 13. Rb1 Rb8 14. a4 e5 15. Nf3 b5 16. Nd6 Nc5 17. Qc2 Nxa4 18. c4 Be6 19. Nxe5 Ne8 20. Nxe8 Rbxe8 21. Nc6 Bxc4 22. Bf4 Qc8 23. Rd2 Re6 24. Bd6 Rfe8 25. e3 Nc3 26. Re1 Ne4 27. Bxe4 Rxe4 28. Na5 h5 29. Red1 h4 30. Bf4 h3 31. Qxe4 Rxe4 32. Rd8+ Re8 33. Rxc8 Rxc8 34. Rc1 Bb2 35. Rc2 Rd8 36. f3 Rd1+ 37. Kf2 Rf1# 0-1

[Event "GER-ch 88th"]
[Site "Apolda"]
[Date "2017.06.26"]
[Round "4"]
[White "Schmidt Schaeffer, Sebastian"]
[Black "Frischmann, Rick"]
[Result "1/2-1/2"]
[WhiteElo "2381"]
[BlackElo "2302"]
[PlyCount "82"]
[EventDate "2017.06.23"]
[EventType "swiss"]
[EventRounds "9"]
[EventCountry "GER"]
[SourceTitle "CBM 179 Extra"]
[Source "ChessBase"]
[SourceDate "2017.08.23"]
[SourceVersion "1"]
[SourceVersionDate "2017.08.23"]
[SourceQuality "1"]

1. d4 d5 2. Nf3 Nc6 3. Bf4 Bg4 4. e3 e6 5. h3 Bxf3 6. Qxf3 Nf6 7. Nc3 Bb4 8. Bd3 Qe7 9. 0-0 e5 10. dxe5 Nxe5 11. Bxe5 Qxe5 12. Nb5 c6 13. c3 Ba5 14. Qf5 Qe7 15. Nd4 g6 16. Qf3 Bc7 17. c4 Rd8 18. Rfd1 0-0 19. Ne2 Ne4 20. cxd5 Ng5 21. Qg4 Rxd5 22. Nf4 Rd6 23. h4 Ne6 24. Nxe6 Rxe6 25. g3 Re8 26. Kg2 Be5 27. Rab1 Rd8 28. Bc4 Red6 29. Rxd6 Rxd6 30. h5 b5 31. Bb3 c5 32. hxg6 hxg6 33. a4 c4 34. Bd1 a6 35. axb5 axb5 36. Bf3 Kg7 37. Qc8 Rd8 38. Qc6 Qb4 39. Qb7 Qc5 40. b4 cxb3 41. Rxb3 Rb8 1/2-1/2

[Event "Oberliga Ost-A 1617"]
[Site "Germany"]
[Date "2017.02.19"]
[Round "7.1"]
[White "Schmidt Schaeffer, Sebastian"]
[Black "Langrock, Hannes"]
[Result "1/2-1/2"]
[WhiteElo "2383"]
[BlackElo "2405"]
[PlyCount "69"]
[EventDate "2016.10.16"]
[EventType "team-tourn"]
[EventRounds "11"]
[EventCountry "GER"]
[SourceTitle "EXT 2018"]
[Source "ChessBase"]
[SourceDate "2017.10.13"]
[SourceVersion "1"]
[SourceVersionDate "2017.10.13"]
[SourceQuality "1"]
[WhiteTeam "Naumburg"]
[BlackTeam "Leipzig SG"]
[WhiteTeamCountry "GER"]
[BlackTeamCountry "GER"]

1. d4 e6 2. Nf3 d5 3. c4 Nf6 4. Nc3 dxc4 5. e4 Bb4 6. Qc2 c5 7. dxc5 Qa5 8. e5 Nd5 9. Bxc4 Nxc3 10. bxc3 Bxc3+ 11. Bd2 Bxd2+ 12. Qxd2 Qxc5 13. Rc1 Nc6 14. 0-0 Qe7 15. Rfd1 0-0 16. Bd3 Rd8 17. Rxc6 bxc6 18. Bxh7+ Kxh7 19. Qxd8 Qxd8 20. Rxd8 c5 21. Ng5+ Kg6 22. f4 Bb7 23. Rd7 Bd5 24. Nxf7 Kf5 25. g3 Ke4 26. Kf2 Rb8 27. Nd6+ Kd4 28. g4 Rb2+ 29. Kg3 Rxa2 30. Rxg7 c4 31. Rc7 a6 32. f5 exf5 33. gxf5 Kxe5 34. Nxc4+ Bxc4 35. Rxc4 1/2-1/2

[Event "Oberliga Ost-A 1617"]
[Site "Germany"]
[Date "2016.11.20"]
[Round "3.1"]
[White "Woellermann, Jan"]
[Black "Schmidt Schaeffer, Sebastian"]
[Result "0-1"]
[WhiteElo "2379"]
[BlackElo "2383"]
[PlyCount "78"]
[EventDate "2016.10.16"]
[EventType "team-tourn"]
[EventRounds "11"]
[EventCountry "GER"]
[SourceTitle "EXT 2018"]
[Source "ChessBase"]
[SourceDate "2017.10.13"]
[SourceVersion "1"]
[SourceVersionDate "2017.10.13"]
[SourceQuality "1"]
[WhiteTeam "Magdeburg Aufbau Elbe"]
[BlackTeam "Naumburg"]
[WhiteTeamCountry "GER"]
[BlackTeamCountry "GER"]

1. d4 e6 2. c4 f5 3. Nc3 Nf6 4. Qc2 Be7 5. Nf3 0-0 6. h3 d5 7. Bf4 c6 8. e3 Na6 9. a3 Nc7 10. Bd3 Kh8 11. g4 dxc4 12. Bxc4 b5 13. Bd3 b4 14. Ne2 Bb7 15. Ne5 c5 16. Rg1 Ne4 17. gxf5 exf5 18. f3 Bh4+ 19. Ng3 Nxg3 20. Bxg3 Bxg3+ 21. Rxg3 Qh4 22. Kf2 Ne6 23. Bxf5 Nxd4 24. exd4 Qxd4+ 25. Kg2 Qxe5 26. Bxh7 Rxf3 27. Rxf3 Qg5+ 28. Kh2 Bxf3 29. Qf2 Qf4+ 30. Qg3 Qd2+ 31. Kg1 Qd4+ 32. Kf1 Rf8 33. Bg6 Be4+ 34. Ke1 Bxg6 35. Qxg6 Qf2+ 36. Kd1 Rd8+ 37. Kc1 Qd2+ 38. Kb1 Qd1+ 39. Ka2 b3# 0-1

[Event "EU-Cup 32nd"]
[Site "Novi Sad"]
[Date "2016.11.06"]
[Round "1.6"]
[White "Sucikova, Svetlana"]
[Black "Schmidt Schaeffer, Sebastian"]
[Result "0-1"]
[WhiteElo "2076"]
[BlackElo "2386"]
[PlyCount "132"]
[EventDate "2016.11.06"]
[EventType "team-swiss"]
[EventRounds "7"]
[EventCountry "SRB"]
[SourceTitle "CBM 176"]
[Source "ChessBase"]
[SourceDate "2017.01.17"]
[SourceVersion "1"]
[SourceVersionDate "2017.01.17"]
[SourceQuality "1"]
[WhiteTeam "White Rose"]
[BlackTeam "Riehen"]
[WhiteTeamCountry "ENG"]
[BlackTeamCountry "SUI"]

1. c4 f5 2. g3 Nf6 3. Bg2 e6 4. Nf3 Be7 5. 0-0 0-0 6. d4 d5 7. Nc3 c6 8. Be3 Nbd7 9. b3 Bb4 10. Qc2 Qe7 11. Bf4 b6 12. a3 Bxa3 13. c5 bxc5 14. Rxa3 cxd4 15. Nb1 c5 16. Nxd4 cxd4 17. Qc6 Nb6 18. Bd6 Qe8 19. Qc5 Rf7 20. Rc1 Bb7 21. Qxd4 Rc8 22. Nc3 Rc6 23. Bc5 Nfd7 24. b4 a6 25. Na4 Nxa4 26. Rxa4 Rc8 27. Raa1 Nf6 28. Bd6 Rd7 29. Bf4 h6 30. Bxh6 Rdc7 31. Rxc7 Rxc7 32. Bf4 Rc4 33. Qb6 Qc8 34. Bf1 Kf7 35. Rb1 Nd7 36. Qe3 d4 37. Qd2 e5 38. Bg5 Qc6 39. f3 Rc3 40. Qb2 Kg6 41. Bd8 Qc8 42. Be7 Kf7 43. Bg5 Bd5 44. Rc1 Rxc1 45. Bxc1 Nb6 46. Bg5 Qc3 47. Qxc3 dxc3 48. e4 fxe4 49. fxe4 Bxe4 50. Bxa6 Kg6 51. Bc1 Kf5 52. Kf2 g5 53. Be2 g4 54. Bb5 Ke6 55. Ke3 Bf5 56. Bd3 Nd5+ 57. Ke2 Nxb4 58. Bxf5+ Kxf5 59. Ba3 Nc2 60. Bc5 Ke4 61. Kd1 Kd3 62. Bd6 e4 63. Bf4 e3 64. Bxe3 Nxe3+ 65. Kc1 c2 66. h4 gxh3 0-1

[Event "Leiden op-A 10th"]
[Site "Leiden"]
[Date "2016.07.23"]
[Round "8"]
[White "Schmidt Schaeffer, Sebastian"]
[Black "Pijpers, Arthur"]
[Result "0-1"]
[WhiteElo "2384"]
[BlackElo "2473"]
[PlyCount "72"]
[EventDate "2016.07.15"]
[EventType "swiss"]
[EventRounds "9"]
[EventCountry "NED"]
[SourceTitle "CBM 173 Extra"]
[Source "ChessBase"]
[SourceDate "2016.08.29"]
[SourceVersion "1"]
[SourceVersionDate "2016.08.29"]
[SourceQuality "1"]

1. f4 d5 2. e3 Nf6 3. Nf3 g6 4. Be2 Bg7 5. 0-0 0-0 6. d4 c5 7. c3 Nc6 8. Ne5 Bf5 9. Nd3 c4 10. Nf2 b5 11. g4 Be6 12. b3 Qc8 13. a4 Na5 14. bxc4 bxc4 15. Nd2 Rb8 16. Ba3 Re8 17. h3 Qc7 18. Kg2 Nd7 19. Qc2 Nb3 20. Rab1 Nxd2 21. Qxd2 f6 22. Bf3 Bf7 23. e4 dxe4 24. Nxe4 Rb3 25. Rxb3 cxb3 26. Nc5 Nb6 27. Bb4 Nc4 28. Qe2 Qxf4 29. Re1 a5 30. Ne6 Qd2 31. Nxg7 Kxg7 32. Qxd2 Nxd2 33. Ba3 Nc4 34. Bc5 b2 35. Be4 Nd2 36. Bb1 Rb8 0-1

[Event "Sachsen-Anhalt-ch 26th"]
[Site "Magdeburg"]
[Date "2016.05.08"]
[Round "7"]
[White "Paul, Johannes"]
[Black "Schmidt Schaeffer, Sebastian"]
[Result "1-0"]
[WhiteElo "2297"]
[BlackElo "2384"]
[PlyCount "101"]
[EventDate "2016.05.05"]
[EventType "tourn"]
[EventRounds "7"]
[EventCountry "GER"]
[SourceTitle "EXT 2017"]
[Source "ChessBase"]
[SourceDate "2016.10.25"]
[SourceVersion "1"]
[SourceVersionDate "2016.10.25"]
[SourceQuality "1"]

1. d4 f5 2. e4 fxe4 3. Nc3 Nf6 4. Bg5 Nc6 5. d5 Ne5 6. Qe2 d6 7. 0-0-0 Bg4 8. f3 exf3 9. gxf3 Bf5 10. Qb5+ Kf7 11. f4 Ng6 12. h4 Nh5 13. Qe2 Qd7 14. Qxh5 h6 15. Bh3 e6 16. dxe6+ Qxe6 17. Qf3 hxg5 18. fxg5 Ne7 19. Nge2 Rxh4 20. Nd4 Rxd4 21. Rxd4 g6 22. Re4 Qd7 23. Rhe1 Kg8 24. Bxf5 Qxf5 25. Qg3 Qf7 26. Re6 Nf5 27. Qg4 Bg7 28. Qc4 c6 29. Re8+ Rxe8 30. Rxe8+ Bf8 31. Qxf7+ Kxf7 32. Ra8 b5 33. Rxa7+ Ke6 34. Rc7 Nd4 35. Ne4 d5 36. Nf6 Bd6 37. Rc8 Bf4+ 38. Kd1 Bxg5 39. Nh7 Be7 40. c3 Nf5 41. Rxc6+ Kf7 42. b3 d4 43. a4 bxa4 44. bxa4 dxc3 45. Rxc3 Bb4 46. Rb3 Bc5 47. a5 Ke7 48. Ng5 Kd7 49. a6 Ne3+ 50. Ke2 Nd5 51. a7 1-0

[Event "Prague op-A 15th"]
[Site "Prague"]
[Date "2016.01.11"]
[Round "5"]
[White "Schmidt Schaeffer, Sebastian"]
[Black "Shevchenko, Kirill"]
[Result "1/2-1/2"]
[WhiteElo "2381"]
[BlackElo "2373"]
[PlyCount "122"]
[EventDate "2016.01.08"]
[EventType "swiss"]
[EventRounds "9"]
[EventCountry "CZE"]
[SourceTitle "CBM 170 Extra"]
[Source "ChessBase"]
[SourceDate "2016.02.25"]
[SourceVersion "1"]
[SourceVersionDate "2016.02.25"]
[SourceQuality "1"]

1. f4 d5 2. Nf3 Bg4 3. e3 Nd7 4. h3 Bxf3 5. Qxf3 e5 6. Qxd5 Qh4+ 7. Kd1 0-0-0 8. fxe5 Qe7 9. b3 Nc5 10. Qf3 Qxe5 11. c3 Nf6 12. d4 Nce4 13. Bd3 Qe6 14. Rf1 Rd7 15. Kc2 Bd6 16. Nd2 Re8 17. Bc4 Qe7 18. Nxe4 Qxe4+ 19. Qxe4 Nxe4 20. Rxf7 Rxf7 21. Bxf7 Rf8 22. Bd5 Rf2+ 23. Kd3 Ng3 24. Bf3 Rf1 25. a4 c6 26. Bb2 Rf2 27. Rb1 Kd8 28. c4 Bb4 29. Bc3 a5 30. e4 g5 31. c5 Bxc3 32. Kxc3 Ne2+ 33. Kc4 Nf4 34. d5 Rc2+ 35. Kd4 Kd7 36. g3 Rd2+ 37. Ke3 Rd3+ 38. Kf2 Ng6 39. Bg4+ Ke8 40. dxc6 bxc6 41. Bh5 Rd4 42. Ke3 Rb4 43. Bd1 Ne5 44. Rc1 Ke7 45. Rc3 Ke6 46. Be2 h6 47. Ba6 Kd7 48. Bc4 Nxc4+ 49. bxc4 Ke6 50. Kd4 Rxa4 51. Rb3 Ra1 52. Rb6 Rd1+ 53. Ke3 Re1+ 54. Kf2 Rxe4 55. Rxc6+ Ke5 56. Rxh6 Rxc4 57. c6 a4 58. Rg6 Kf5 59. Rd6 Ke5 60. Rg6 Kf5 61. Rd6 Ke5 1/2-1/2

[Event "Prague op-A 15th"]
[Site "Prague"]
[Date "2016.01.09"]
[Round "2"]
[White "Burnett, Andrew"]
[Black "Schmidt Schaeffer, Sebastian"]
[Result "0-1"]
[WhiteElo "2210"]
[BlackElo "2381"]
[PlyCount "134"]
[EventDate "2016.01.08"]
[EventType "swiss"]
[EventRounds "9"]
[EventCountry "CZE"]
[SourceTitle "CBM 170 Extra"]
[Source "ChessBase"]
[SourceDate "2016.02.25"]
[SourceVersion "1"]
[SourceVersionDate "2016.02.25"]
[SourceQuality "1"]

1. d4 f5 2. c4 Nf6 3. g3 e6 4. Bg2 Be7 5. Nc3 d5 6. Nh3 0-0 7. 0-0 c6 8. Qc2 Qe8 9. Rb1 a5 10. a3 b5 11. cxb5 cxb5 12. a4 bxa4 13. Nxa4 Nc6 14. Nb6 Rb8 15. Nxc8 Qxc8 16. Rd1 Rb4 17. e3 Qd7 18. Bd2 Rc4 19. Qd3 Nb4 20. Bxb4 Bxb4 21. Nf4 Rfc8 22. b3 Rc3 23. Qa6 R3c6 24. Qe2 Ne4 25. Bxe4 fxe4 26. Qg4 Qf7 27. h4 g6 28. Kg2 Qf5 29. Qxf5 gxf5 30. Kf1 Kf7 31. Ne2 Rc2 32. Rdc1 Bd2 33. Rxc2 Rxc2 34. Nf4 Ke7 35. Nh3 h6 36. Nf4 Kd6 37. h5 Ke7 38. Ng6+ Kf6 39. Nf4 Ra2 40. Kg1 Ra3 41. Kf1 Ra2 42. Kg1 Rc2 43. Kf1 Rc6 44. Ke2 Bb4 45. Kd1 Bd6 46. Ra1 Ra6 47. Ra2 Rb6 48. Rxa5 Rxb3 49. Kc2 Rb8 50. Ra7 Bxf4 51. gxf4 Rg8 52. Rh7 Rg2 53. Rxh6+ Kf7 54. Rh7+ Kf8 55. h6 Rxf2+ 56. Kc3 Re2 57. Kb4 Rxe3 58. Kc5 Rh3 59. Kd6 Kg8 60. Rg7+ Kh8 61. Rg6 Kh7 62. Rg7+ Kxh6 63. Re7 Kh5 64. Rg7 e3 65. Rg2 Rf3 66. Kxe6 Rxf4 67. Rg3 e2 0-1